| 000 | 00974nam a2200253Ia 4500 | ||
|---|---|---|---|
| 008 | 130821s1990 ck gr dspa | ||
| 020 | _a9586012700 | ||
| 040 |
_aCo-BoUCM _bspa |
||
| 041 | 0 | 0 | _aspa |
| 100 | 1 |
_aAvallaneda Navas, José Ignacio _9159441 |
|
| 245 | 1 | 4 |
_aLos compañeros de Federmán fundadores de Santa Fe de Bogotá _cJosé Ignacio Avellaneda Navas. |
| 260 |
_aBogotá (Colombia) _bTercer Mundo _c1990 |
||
| 300 | _a441 9 | ||
| 490 | 0 | _aHistoría | |
| 504 | _aIncluye bibliografía e índice de onomástico y de cuadros. | ||
| 650 | 0 | 4 |
_aExploradores _zColombia _vBiografías _915443 |
| 650 | 0 | 4 |
_aExploradores _zVenezuela _vBiografías _915443 |
| 650 | 0 | 4 |
_aHistoria de Colombia _926508 |
| 651 | 4 |
_aColombia _xDescubrimientos y exploraciones _926606 |
|
| 651 | 4 |
_aVenezuela _xHistoria _ySiglo xvi _929440 |
|
| 710 | 2 |
_aAcademía de Historia de Bogotá _9159442 |
|
| 942 |
_cLIBRO _a21 _e1 _mA949c _2DEWEY _h986.148 |
||
| 999 |
_c37590 _d37590 |
||